[Event "SM-2013-0-00261"]
[Site "Lechenicher SchachServer"]
[Date "2013.07.06"]
[Round "?"]
[White "Pascual Perez, Norge"]
[Black "Steinke, Ruediger"]
[Result "1/2-1/2"]
[WhiteElo "2260"]
[BlackElo "2216"]
[PlyCount "101"]
[EventDate "2013.06.14"]
[EventType "tourn"]
[EventRounds "6"]
[SourceTitle "OM Corr 202003"]
[Source "Opening Master"]
[SourceDate "2019.05.30"]
[SourceVersion "2"]
[SourceVersionDate "2019.05.30"]
[SourceQuality "1"]

1. e4 e5 2. Nf3 Nc6 3. c3 d5 4. Qa4 f6 5. d3 Nge7 6. Be2 Be6 7. O-O a6 8. Rd1
d4 9. cxd4 exd4 10. a3 Qd7 11. b4 b5 12. Qc2 a5 13. Qb2 Ng6 14. bxa5 Bc5 15.
Qxb5 Rxa5 16. Qb2 O-O 17. Nbd2 Rb8 18. Qc2 Nce5 19. Nxe5 fxe5 20. g3 Be7 21.
Nc4 Ra4 22. Rb1 Rba8 23. h4 Bxc4 24. dxc4 Bxa3 25. c5 Bxc1 26. Rdxc1 Ra3 27.
Rb3 h6 28. Rxa3 Rxa3 29. Qb2 Ra8 30. Qb3+ Kh8 31. Qd5 Qxd5 32. exd5 e4 33. Bg4
d3 34. Bf5 Ne7 35. Bxe4 d2 36. Rd1 Ra4 37. Bd3 Nxd5 38. Rxd2 Rd4 39. Kf1 Nc3
40. Ke1 Na4 41. c6 g5 42. hxg5 hxg5 43. Be2 Rxd2 44. Kxd2 Kg7 45. Kd3 Kf6 46.
Kd4 Nb6 47. Bg4 Na8 48. Bd7 Nb6 49. Bh3 Na4 50. f3 Nb6 51. f4 1/2-1/2

[Event "Karvina op"]
[Site "Karvina"]
[Date "2013.07.05"]
[Round "7"]
[White "Reznicek, Marcel"]
[Black "Tylecek, Drahomir"]
[Result "0-1"]
[WhiteElo "2112"]
[BlackElo "1921"]
[PlyCount "78"]
[EventDate "2013.06.29"]
[EventType "swiss"]
[EventRounds "9"]
[EventCountry "CZE"]
[SourceTitle "CBM 155 Extra"]
[Source "ChessBase"]
[SourceDate "2013.08.26"]
[SourceVersion "1"]
[SourceVersionDate "2013.08.26"]
[SourceQuality "1"]

1. e4 e5 2. Nf3 Nc6 3. c3 d5 4. Qa4 Bd7 5. exd5 Nd4 6. Qd1 Nxf3+ 7. Qxf3 Nf6 8.
c4 Bc5 9. h3 e4 10. Qd1 c6 11. dxc6 Bxc6 12. Nc3 O-O 13. b3 Qb6 14. Qe2 a5 15.
Nb5 a4 16. Bb2 axb3 17. a4 Bxb5 18. cxb5 Bd4 19. Bc3 b2 20. Rb1 Rxa4 21. Kd1
Nd5 22. Qxe4 Nxc3+ 23. dxc3 Rd8 24. Bd3 Bxc3 25. Qxa4 Rxd3+ 26. Kc2 Qg6 27.
Rhe1 Re3+ 28. Kb3 Qe6+ 29. Kc2 Qf5+ 30. Kb3 Qd5+ 31. Ka3 Qc5+ 32. Ka2 Rxe1 33.
Rxe1 Bxe1 34. Qa8+ Qf8 35. Qxb7 g6 36. Qc6 Qb4 37. Kb1 Bc3 38. b6 Qa3 39. Kc2
b1=Q+ 0-1

[Event "GRE Team Ch 2013 (41st)(Prem League)"]
[Site "Patras"]
[Date "2013.07.05"]
[Round "5.1"]
[White "Lagopatis, Nikolaos"]
[Black "Makropoulou, Marina"]
[Result "0-1"]
[WhiteElo "2189"]
[BlackElo "2220"]
[PlyCount "176"]
[EventDate "2013.07.??"]
[EventRounds "7"]
[EventCountry "GRE"]
[SourceTitle "OM OTB B 201907"]
[Source "Opening Master"]
[SourceDate "2019.07.06"]
[SourceVersion "2"]
[SourceVersionDate "2019.07.06"]
[SourceQuality "1"]

1. e4 e5 2. Nf3 Nc6 3. c3 Nf6 4. d3 d5 5. Nbd2 a5 6. Be2 Be7 7. O-O O-O 8. a4
Re8 9. h3 h6 10. Nh2 Be6 11. Ng4 Qd7 12. Nxf6+ Bxf6 13. Bg4 Rad8 14. Qe2 Bxg4
15. hxg4 Bg5 16. Nb3 b6 17. Bxg5 hxg5 18. Rfd1 Re6 19. Re1 dxe4 20. dxe4 Rd6
21. f3 Ne7 22. Qe3 Qe6 23. Nc1 Ng6 24. Ne2 Nf4 25. Nxf4 gxf4 26. Qe2 Qd7 27.
Qc4 Qe7 28. Qf1 Rd2 29. Re2 Qc5+ 30. Kh2 R8d6 31. g5 Rxe2 32. Qxe2 Rg6 33. Qd2
Qe7 34. Rd1 Rd6 35. Qe1 Qxg5 36. Rxd6 cxd6 37. b4 Qd8 38. Qe2 Qh4+ 39. Kg1 g6
40. Qd2 Qd8 41. Qd5 Qc7 42. Kh2 Kg7 43. bxa5 bxa5 44. Qb3 Kh6 45. Qd1 Kg5 46.
Qd2 Kf6 47. Qd1 Qc5 48. Qd3 Ke6 49. Kh1 Kd7 50. Kh2 Qc6 51. Qc2 Qc4 52. Kh1 Ke7
53. Kh2 Ke6 54. Kh1 f5 55. exf5+ gxf5 56. Kh2 e4 57. fxe4 fxe4 58. Qd1 Qxc3 59.
Qg4+ Kd5 60. Qh5+ Qe5 61. Qf7+ Kd4 62. Qb3 Qh5+ 63. Kg1 Qc5 64. Kh1 Qh5+ 65.
Kg1 Qc5 66. Kh1 e3 67. Qd1+ Kc3 68. g3 fxg3 69. Kg2 e2 70. Qe1+ Kd3 71. Qxg3+
Kd2 72. Qf4+ Kd1 73. Qf3 Kd2 74. Qf4+ Kd1 75. Qf3 Qg5+ 76. Kh1 Qh6+ 77. Kg2
Qg7+ 78. Kh1 Qh6+ 79. Kg2 Qg5+ 80. Kh1 Qh4+ 81. Kg2 Qc4 82. Kf2 Qd4+ 83. Kg2
Kd2 84. Qb3 Qg4+ 85. Kh2 Qf4+ 86. Kg2 Qf1+ 87. Kh2 Qf2+ 88. Kh3 Qe3+ 0-1

[Event "GRE-chT 41st"]
[Site "Achaia"]
[Date "2013.07.04"]
[Round "4.4"]
[White "Gratseas, Stefanos"]
[Black "Kalaitzoglou, Panayotis"]
[Result "1/2-1/2"]
[WhiteElo "2133"]
[BlackElo "2144"]
[PlyCount "60"]
[EventDate "2013.07.02"]
[EventType "team-swiss"]
[EventRounds "7"]
[EventCountry "GRE"]
[SourceTitle "CBM 155 Extra"]
[Source "ChessBase"]
[SourceDate "2013.08.26"]
[SourceVersion "1"]
[SourceVersionDate "2013.08.26"]
[SourceQuality "1"]
[WhiteTeam "OFI"]
[BlackTeam "Chania ADA"]
[WhiteTeamCountry "GRE"]
[BlackTeamCountry "GRE"]

1. e4 e5 2. Nf3 Nc6 3. c3 Nf6 4. d4 exd4 5. e5 Qe7 6. cxd4 Ne4 7. Bd3 d5 8. O-O
Bg4 9. Nc3 O-O-O 10. Be3 f5 11. Bb5 Qe6 12. Be2 Be7 13. Rc1 g5 14. h3 Bxf3 15.
Bxf3 Rhg8 16. Bxe4 fxe4 17. Qg4 Qxg4 18. hxg4 Nb4 19. f3 exf3 20. Rxf3 Nd3 21.
Rb1 Nxe5 22. dxe5 d4 23. Bd2 dxc3 24. Bxc3 Rgf8 25. Rbf1 Rxf3 26. Rxf3 Rf8 27.
Kf2 Kd7 28. Rxf8 Bxf8 29. Ke3 Ke6 30. Ke4 Bg7 1/2-1/2

[Event "FICGS__CHESS__CLASS_F__000132"]
[Site "FICGS"]
[Date "2013.07.04"]
[Round "1"]
[White "Melquiades, Jay"]
[Black "Dotti Contra, Alessandro"]
[Result "0-1"]
[WhiteElo "853"]
[BlackElo "1137"]
[PlyCount "68"]
[EventDate "2013.??.??"]

1. e4 e5 2. Nf3 Nc6 3. c3 Nf6 4. Bb5 Bc5 5. d4 Bb6 6. Bxc6 dxc6 7. Bg5 O-O 8.
Nbd2 exd4 9. Nxd4 Bg4 10. f3 Bh5 11. g4 Bg6 12. h4 h6 13. Bxh6 gxh6 14. g5 hxg5
15. hxg5 Nh5 16. f4 Nxf4 17. Qf3 Qd6 18. O-O-O Rfe8 19. Rhe1 Ne6 20. Nc4 Qc5
21. b3 Qxg5+ 22. Nd2 Nxd4 23. cxd4 Bxd4 24. Kb1 Rad8 25. Nc4 Bc3 26. Qxc3 Rxd1+
27. Rxd1 Bxe4+ 28. Ka1 Rd8 29. Nd6 cxd6 30. Re1 d5 31. Re3 d4 32. Qc4 Qxe3 33.
a4 d3 34. Ka2 d2 0-1

[Event "GRE-chT 41st"]
[Site "Achaia"]
[Date "2013.07.03"]
[Round "2.5"]
[White "Ymeneou, Pothiti"]
[Black "Makropoulou, Marina"]
[Result "0-1"]
[WhiteElo "1939"]
[BlackElo "2220"]
[PlyCount "85"]
[EventDate "2013.07.02"]
[EventType "team-swiss"]
[EventRounds "7"]
[EventCountry "GRE"]
[SourceTitle "CBM 155 Extra"]
[Source "ChessBase"]
[SourceDate "2013.08.26"]
[SourceVersion "1"]
[SourceVersionDate "2013.08.26"]
[SourceQuality "1"]
[WhiteTeam "Ikarias I Tzelepis"]
[BlackTeam "Kalamatas Poseidon"]
[WhiteTeamCountry "GRE"]
[BlackTeamCountry "GRE"]

1. e4 e5 2. Nf3 Nc6 3. c3 Nf6 4. d4 exd4 5. e5 Nd5 6. cxd4 Be7 7. Qb3 Nb6 8.
Bd3 d6 9. Be3 Be6 10. Qd1 Nb4 11. Nc3 Nxd3+ 12. Qxd3 c6 13. O-O Bc4 14. Qf5
Bxf1 15. Rxf1 Qd7 16. Qh5 d5 17. Ng5 Bxg5 18. Qxg5 Rg8 19. f4 h6 20. Qh5 g6 21.
Qxh6 O-O-O 22. Qg5 Rh8 23. b3 Rh5 24. Qg3 Rdh8 25. h3 Qf5 26. Rc1 Kb8 27. a4
Nc8 28. a5 Ne7 29. Na4 Rxh3 30. gxh3 Rxh3 31. Qg5 Qxg5+ 32. fxg5 Rxe3 33. Nc5
Rg3+ 34. Kf2 Rxg5 35. b4 a6 36. Nd7+ Kc7 37. Nf6 Rf5+ 38. Ke3 g5 39. Rh1 Rf4
40. Rh7 Nf5+ 41. Kd3 Rxd4+ 42. Kc3 Rc4+ 43. Kb3 0-1

[Event "Vaxjo Visma GM"]
[Site "Vaxjo"]
[Date "2013.06.30"]
[Round "8"]
[White "Danielsen, Henrik"]
[Black "Lindberg, Bengt"]
[Result "1-0"]
[WhiteElo "2508"]
[BlackElo "2410"]
[PlyCount "77"]
[EventDate "2013.06.26"]
[EventType "tourn"]
[EventRounds "9"]
[EventCountry "SWE"]
[EventCategory "9"]
[SourceTitle "CBM 155 Extra"]
[Source "ChessBase"]
[SourceDate "2013.08.26"]
[SourceVersion "1"]
[SourceVersionDate "2013.08.26"]
[SourceQuality "1"]

1. e4 e5 2. Nf3 Nc6 3. c3 Nf6 4. d3 d5 5. Nbd2 Be7 6. b4 a6 7. Bb2 b5 8. Be2
O-O 9. O-O h6 10. Re1 Be6 11. a3 Qd7 12. Bf1 Rfd8 13. Qc2 Rac8 14. Rac1 dxe4
15. dxe4 Nh7 16. Rcd1 f6 17. c4 Nb8 18. cxb5 axb5 19. Nb3 Qe8 20. Nh4 c6 21.
Nf5 Bf8 22. Bc1 Rxd1 23. Rxd1 Rd8 24. Rxd8 Qxd8 25. h4 h5 26. Be3 Kh8 27. Nc5
Bf7 28. a4 bxa4 29. Qxa4 Qc7 30. Qa5 Qc8 31. Qa7 Qe8 32. Qc7 Bg8 33. Be2 g6 34.
Nh6 Bxc5 35. bxc5 Be6 36. g4 hxg4 37. Nxg4 Qc8 38. Qe7 Bxg4 39. Bh6 1-0

[Event "Wroclaw Anderssen Memorial op-B 22nd"]
[Site "Wroclaw"]
[Date "2013.06.30"]
[Round "2"]
[White "Czachor, Grzegorz"]
[Black "Siembab, Bartosz"]
[Result "0-1"]
[WhiteElo "2004"]
[BlackElo "2262"]
[PlyCount "57"]
[EventDate "2013.06.30"]
[EventType "swiss"]
[EventRounds "7"]
[EventCountry "POL"]
[SourceTitle "EXT 2014"]
[Source "ChessBase"]
[SourceDate "2013.11.20"]
[SourceVersion "1"]
[SourceVersionDate "2013.11.20"]
[SourceQuality "1"]

1. e4 e5 2. Nf3 Nc6 3. c3 Nf6 4. d4 d5 5. Bb5 exd4 6. e5 Ne4 7. Nxd4 Bd7 8.
Bxc6 bxc6 9. O-O Bc5 10. Be3 Bb6 11. f3 Nc5 12. f4 O-O 13. Nd2 f6 14. N2f3 Re8
15. Qc2 Ne4 16. Rfe1 c5 17. Nb3 Bc6 18. Rad1 Qe7 19. exf6 gxf6 20. Nbd2 Rad8
21. Nxe4 dxe4 22. Nd2 Rd3 23. Nf1 c4 24. Qe2 Red8 25. Kh1 Qg7 26. Bxb6 cxb6 27.
Ng3 e3 28. Nf5 Qxg2+ 29. Qxg2+ 0-1

[Event "Wroclaw Anderssen Memorial op-B 22nd"]
[Site "Wroclaw"]
[Date "2013.06.30"]
[Round "2"]
[White "Swicarz, Maciej"]
[Black "Grela, Kacper"]
[Result "1-0"]
[WhiteElo "2238"]
[BlackElo "2003"]
[PlyCount "73"]
[EventDate "2013.06.30"]
[EventType "swiss"]
[EventRounds "7"]
[EventCountry "POL"]
[SourceTitle "EXT 2014"]
[Source "ChessBase"]
[SourceDate "2013.11.20"]
[SourceVersion "1"]
[SourceVersionDate "2013.11.20"]
[SourceQuality "1"]

1. e4 e5 2. Nf3 Nc6 3. c3 d5 4. Qa4 Bd7 5. exd5 Nd4 6. Qd1 Nxf3+ 7. Qxf3 Nf6 8.
h3 Bd6 9. d3 Qe7 10. Bg5 O-O-O 11. Nd2 h6 12. Bxf6 gxf6 13. O-O-O f5 14. g3 c6
15. Bg2 cxd5 16. Qxd5 Bc6 17. Qc4 Qc7 18. Bxc6 bxc6 19. Nb3 Qb6 20. d4 exd4 21.
Nxd4 Bc5 22. Qxf7 Bxd4 23. Qxf5+ Kb7 24. Rxd4 Rxd4 25. cxd4 Qxd4 26. Rd1 Qc4+
27. Kb1 Rb8 28. Qh7+ Ka8 29. Qxh6 Qe4+ 30. Ka1 Qc2 31. Qc1 Rxb2 32. Qxc2 Rxc2
33. f4 Rg2 34. Rd3 c5 35. f5 c4 36. Rc3 Kb7 37. g4 1-0

[Event "FICGS__CHESS__RAPID_E__000107"]
[Site "FICGS"]
[Date "2013.06.30"]
[Round "1"]
[White "Melquiades, Jay"]
[Black "Leurette, Marc-Antoine"]
[Result "0-1"]
[WhiteElo "849"]
[BlackElo "1178"]
[PlyCount "54"]
[EventDate "2013.??.??"]
[EventType "rapid"]

1. e4 e5 2. Nf3 Nc6 3. c3 Nf6 4. h3 Bd6 5. d3 h6 6. g4 b6 7. d4 exd4 8. Nxd4
Nxd4 9. cxd4 Nxe4 10. Nc3 Qe7 11. Be2 Nxc3 12. bxc3 Bb7 13. f3 Qh4+ 14. Kd2
Bf4+ 15. Kc2 Bxc1 16. Rxc1 O-O-O 17. Kb1 g5 18. Rf1 Qxh3 19. d5 c6 20. dxc6
dxc6 21. Qa4 a5 22. f4 Rde8 23. c4 Rxe2 24. c5 Qd3+ 25. Qc2 Rxc2 26. Rxc2 Qxf1+
27. Rc1 Qxf4 0-1

[Event "Remote S7E Easy-169 email"]
[Site "Remote email"]
[Date "2013.06.30"]
[Round "?"]
[White "Tortoza, Carlos Alberto"]
[Black "Witt, Monika"]
[Result "1-0"]
[WhiteElo "1656"]
[BlackElo "1395"]
[PlyCount "45"]
[EventDate "2013.??.??"]
[EventType "tourn (corr)"]
[EventRounds "6"]
[EventCountry "GER"]
[SourceTitle "OM Corr 202003"]
[Source "Opening Master"]
[SourceDate "2019.05.30"]
[SourceVersion "2"]
[SourceVersionDate "2019.05.30"]
[SourceQuality "1"]

1. e4 e5 2. Nf3 Nc6 3. c3 h6 4. Bc4 Nf6 5. O-O a6 6. Qb3 d5 7. exd5 Na5 8. Qa4+
Nc6 9. dxc6 Qd6 10. cxb7+ Qd7 11. Qxd7+ Nxd7 12. bxa8=Q Nb6 13. Qc6+ Nd7 14.
Qxc7 Be7 15. Qxc8+ Bd8 16. Bxf7+ Ke7 17. Bg6 Nb6 18. Qc5+ Kf6 19. Nh4 Nd7 20.
Qd6+ Kg5 21. g3 Nf6 22. d4+ Kg4 23. Qe6# 1-0

[Event "Wroclaw Anderssen Memorial op 22nd"]
[Site "Wroclaw"]
[Date "2013.06.29"]
[Round "7"]
[White "Cagara, Paulina"]
[Black "Krokay, Urszula"]
[Result "1-0"]
[WhiteElo "2028"]
[BlackElo "1876"]
[PlyCount "59"]
[EventDate "2013.06.29"]
[EventType "swiss (rapid)"]
[EventRounds "9"]
[EventCountry "POL"]
[SourceTitle "CBM 155 Extra"]
[Source "ChessBase"]
[SourceDate "2013.08.26"]
[SourceVersion "1"]
[SourceVersionDate "2013.08.26"]
[SourceQuality "1"]

1. e4 e5 2. Nf3 Nc6 3. c3 d5 4. Qa4 Bd7 5. exd5 Nd4 6. Qd1 Nxf3+ 7. Qxf3 Nf6 8.
Bc4 Bg4 9. Qe3 Qe7 10. O-O Nd7 11. b3 Qc5 12. d4 Qb6 13. Qg3 h5 14. dxe5 O-O-O
15. d6 Nxe5 16. Qxe5 Bxd6 17. Qb5 Bxh2+ 18. Kxh2 Qd6+ 19. Kg1 h4 20. Qg5 Qd7
21. f3 Bf5 22. Be3 f6 23. Qf4 g5 24. Qd4 Qg7 25. Qxa7 Rd6 26. Bb5 c6 27. Qa8+
Kc7 28. Qa5+ Kd7 29. Bxc6+ bxc6 30. Qa7+ 1-0

[Event "Wroclaw Anderssen Memorial op 22nd"]
[Site "Wroclaw"]
[Date "2013.06.29"]
[Round "3"]
[White "Cagara, Paulina"]
[Black "Czerwonski, Aleksander"]
[Result "0-1"]
[WhiteElo "2028"]
[BlackElo "2377"]
[PlyCount "74"]
[EventDate "2013.06.29"]
[EventType "swiss (rapid)"]
[EventRounds "9"]
[EventCountry "POL"]
[SourceTitle "CBM 155 Extra"]
[Source "ChessBase"]
[SourceDate "2013.08.26"]
[SourceVersion "1"]
[SourceVersionDate "2013.08.26"]
[SourceQuality "1"]

1. e4 e5 2. Nf3 Nc6 3. c3 Nf6 4. d4 Nxe4 5. d5 Ne7 6. Nxe5 Ng6 7. Qd4 Qf6 8.
Qxe4 Qxe5 9. Bd3 Bc5 10. O-O O-O 11. Nd2 d6 12. h3 Bd7 13. Nf3 Qh5 14. Nd4 Rae8
15. Qf3 Qh4 16. Be3 Ne5 17. Qd1 Nxd3 18. Qxd3 Qh5 19. c4 f5 20. Rae1 f4 21. Bd2
Bxd4 22. Qxd4 f3 23. Bc3 Qg6 24. g4 h5 25. Kh2 hxg4 26. Rg1 Rxe1 27. Bxe1 Re8
28. Bc3 b6 29. Rg3 Re4 30. Qd3 Bf5 31. Qd1 Rxc4 32. hxg4 Bxg4 33. Qd2 Re4 34.
Kg1 Qf5 35. b3 a5 36. a4 Qf4 37. Qd1 Re2 0-1

[Event "NM"]
[Site "Lillehammer"]
[Date "2013.06.29"]
[Round "3"]
[White "Lien, Kjell Håkon"]
[Black "Aas, Flemming"]
[Result "1-0"]
[WhiteElo "1887"]
[BlackElo "1282"]
[PlyCount "59"]
[EventDate "2013.??.??"]

1. e4 e5 2. Nf3 Nc6 3. c3 Nf6 4. d4 d6 5. Bb5 exd4 6. cxd4 Bd7 7. Nc3 a6 8. Bd3
h6 9. h3 Be7 10. Be3 O-O 11. O-O Nh7 12. a3 Ng5 13. Nxg5 Bxg5 14. f4 Bh4 15.
Bc2 Qe8 16. Nd5 Rc8 17. e5 dxe5 18. fxe5 Ne7 19. Nxe7+ Qxe7 20. Qd3 g6 21. Bxh6
Rfd8 22. Bb3 Be6 23. Bxe6 Qxe6 24. Qe4 g5 25. Rf6 Qd5 26. Qf5 Qxd4+ 27. Kh1 Qd7
28. e6 fxe6 29. Qg6+ Kh8 30. Rf7 1-0

[Event "FICS unrated standard game"]
[Site "FICS freechess.org"]
[Date "2013.06.29"]
[Round "?"]
[White "GMDanielsen"]
[Black "IMLindberg"]
[Result "1-0"]
[WhiteElo "2508"]
[BlackElo "2410"]
[PlyCount "79"]
[EventDate "2013.??.??"]
[SourceTitle "OM Portal C 201906"]
[Source "Opening Master"]
[SourceDate "2019.06.27"]
[SourceVersion "1"]
[SourceVersionDate "2019.06.27"]
[SourceQuality "1"]

1. e4 e5 2. Nf3 Nc6 3. c3 Nf6 4. d3 d5 5. Nbd2 Be7 6. b4 a6 7. Bb2 b5 8. Be2
O-O 9. O-O h6 10. Re1 Be6 11. a3 Qd7 12. Bf1 Rfd8 13. Qc2 Rac8 14. Rac1 dxe4
15. dxe4 Nh7 16. Rcd1 f6 17. c4 Nb8 18. cxb5 axb5 19. Nb3 Qe8 20. Nh4 c6 21.
Nf5 Bf8 22. Bc1 Rxd1 23. Rxd1 Rd8 24. Rxd8 Qxd8 25. h4 h5 26. Be3 Kh8 27. Nc5
Bf7 28. a4 bxa4 29. Qxa4 Qc7 30. Qa5 Qc8 31. Qa7 Qe8 32. Qc7 Bg8 33. Be2 g6 34.
Nh6 Bxc5 35. bxc5 Be6 36. g4 hxg4 37. Nxg4 Qc8 38. Qe7 Bxg4 39. Bh6 Be6 40. Be3
1-0

[Event "corr freechess"]
[Site "freechess.de"]
[Date "2013.06.24"]
[Round "?"]
[White "Kevekordes, Peter"]
[Black "Goettge, Markus"]
[Result "1-0"]
[WhiteElo "2161"]
[BlackElo "1451"]
[PlyCount "57"]
[EventDate "2013.??.??"]
[EventType "tourn (corr)"]
[SourceTitle "OM Corr 202003"]
[Source "Opening Master"]
[SourceDate "2019.05.30"]
[SourceVersion "2"]
[SourceVersionDate "2019.05.30"]
[SourceQuality "1"]

1. e4 e5 2. Nf3 Nc6 3. c3 Nf6 4. d4 d5 5. Bb5 Bd7 6. exd5 Nxd5 7. Bxc6 Bxc6 8.
Nxe5 Qe7 9. O-O O-O-O 10. Re1 Re8 11. Bd2 Qf6 12. Na3 Bxa3 13. bxa3 h6 14. Qb3
a6 15. Rab1 Rhf8 16. a4 Qd6 17. c4 Nf6 18. Nxc6 Qxc6 19. d5 Qb6 20. Qh3+ Kb8
21. Rxb6 cxb6 22. Rxe8+ Rxe8 23. Be3 Re4 24. Kf1 Rxc4 25. d6 Rxa4 26. d7 Nxd7
27. Qxd7 Rxa2 28. Qd8+ Ka7 29. Bxb6# 1-0

[Event "Buenos Aires Duchamp Boca op 3rd"]
[Site "Buenos Aires"]
[Date "2013.06.23"]
[Round "3"]
[White "Garcia Ciuffani, Mirco"]
[Black "Villarreal, Hector"]
[Result "1/2-1/2"]
[WhiteElo "1758"]
[BlackElo "2120"]
[PlyCount "81"]
[EventDate "2013.06.20"]
[EventType "swiss"]
[EventRounds "9"]
[EventCountry "ARG"]
[SourceTitle "CBM 155 Extra"]
[Source "ChessBase"]
[SourceDate "2013.08.26"]
[SourceVersion "1"]
[SourceVersionDate "2013.08.26"]
[SourceQuality "1"]

1. e4 e5 2. Nf3 Nc6 3. c3 d5 4. Bb5 dxe4 5. Nxe5 Bd7 6. Bxc6 Bxc6 7. Nxc6 bxc6
8. O-O Nf6 9. Re1 Be7 10. d4 exd3 11. Re3 O-O 12. Qf3 Bc5 13. Rxd3 Qe7 14. Be3
Rad8 15. Rxd8 Rxd8 16. Na3 Bxa3 17. bxa3 Qxa3 18. Bg5 Qd6 19. Bxf6 Qxf6 20.
Qxf6 gxf6 21. g3 Rd2 22. a4 Rc2 23. Rb1 Rxc3 24. Rb7 a5 25. Rxc7 Rc4 26. Kf1
Kg7 27. Ke2 Kg6 28. Kd3 Rxa4 29. Rxc6 Ra2 30. Ke3 h5 31. h4 Kf5 32. Kf3 Ra3+
33. Kg2 a4 34. Rc5+ Kg6 35. Rc6 Ra1 36. Ra6 a3 37. Kf3 Kf5 38. Ra5+ Kg6 39. Ra6
Kg7 40. Ra5 Kg6 41. Ra6 1/2-1/2

[Event "Brno Duras op-A"]
[Site "Brno"]
[Date "2013.06.23"]
[Round "2"]
[White "Balazec, Ludovit"]
[Black "Roubalik, Jakub"]
[Result "0-1"]
[WhiteElo "2004"]
[BlackElo "2336"]
[PlyCount "104"]
[EventDate "2013.06.22"]
[EventType "swiss"]
[EventRounds "9"]
[EventCountry "SVK"]
[SourceTitle "CBM 155 Extra"]
[Source "ChessBase"]
[SourceDate "2013.08.26"]
[SourceVersion "1"]
[SourceVersionDate "2013.08.26"]
[SourceQuality "1"]

1. e4 e5 2. Nf3 Nc6 3. c3 d5 4. Qa4 Bd7 5. exd5 Nd4 6. Qd1 Nxf3+ 7. Qxf3 Nf6 8.
h3 e4 9. Qd1 Nxd5 10. Qc2 Qe7 11. b3 Nf4 12. Ba3 Qe5 13. Kd1 O-O-O 14. Bxf8
Rhxf8 15. Kc1 Bc6 16. Qd1 f5 17. g3 Ne6 18. Rg1 Kb8 19. a4 f4 20. Bc4 fxg3 21.
fxg3 e3 22. Ra2 Ng5 23. d4 Qd6 24. Qg4 Nf3 25. Rd1 g6 26. Qe6 Qxg3 27. Qxe3
Qxh3 28. d5 Rde8 29. Qd3 Bd7 30. Rf2 Qh6+ 31. Kb2 Ne5 32. Qc2 Nxc4+ 33. bxc4
Rxf2 34. Qxf2 Bxa4 35. Rd2 Qe3 36. c5 Bd7 37. Qf7 Qe7 38. Qf2 Bf5 39. Na3 Qe4
40. d6 cxd6 41. cxd6 Qc6 42. Qh2 Qd7 43. Rd4 Ka8 44. Rh4 h5 45. Rb4 Bg4 46. Qf4
Re2+ 47. Kc1 Re1+ 48. Kb2 Re2+ 49. Kc1 Qc6 50. Qf8+ Re8 51. Qf1 Qxc3+ 52. Nc2
Rc8 0-1

[Event "Leicestershire County Championships"]
[Site "?"]
[Date "2013.06.22"]
[Round "?"]
[White "Sharpe, Graham J"]
[Black "Booley, Graham M"]
[Result "1-0"]
[WhiteElo "2122"]
[BlackElo "1779"]
[PlyCount "97"]
[EventDate "2013.??.??"]
[SourceTitle "OM OTB B 201907"]
[Source "Opening Master"]
[SourceDate "2019.07.06"]
[SourceVersion "2"]
[SourceVersionDate "2019.07.06"]
[SourceQuality "1"]

1. e4 e5 2. Nf3 Nc6 3. c3 Nf6 4. d4 Nxe4 5. d5 Ne7 6. Nxe5 Ng6 7. Qd4 Nxe5 8.
Qxe5+ Qe7 9. Qxe7+ Bxe7 10. Bd3 Nf6 11. c4 Bc5 12. O-O O-O 13. Be3 Bxe3 14.
fxe3 Ng4 15. e4 Ne5 16. Be2 d6 17. Nc3 Bd7 18. Nb5 a6 19. Nd4 Rae8 20. Rac1 Bg4
21. Bf3 Nd3 22. Rb1 Ne5 23. b3 Bd7 24. Be2 Bg4 25. Rbe1 Bxe2 26. Rxe2 Nd7 27.
Rfe1 Re7 28. Re3 Rfe8 29. Kf2 Nc5 30. Kf3 Nd7 31. h3 Ne5+ 32. Kf2 Nd7 33. b4
Nf6 34. Kf3 Nd7 35. Kf4 g6 36. Nf3 h6 37. h4 Nf6 38. g4 Kg7 39. e5 dxe5+ 40.
Rxe5 Rxe5 41. Rxe5 Rxe5 42. Nxe5 Ne8 43. c5 g5+ 44. hxg5 hxg5+ 45. Kf5 Nf6 46.
d6 cxd6 47. cxd6 Nxg4 48. Nxg4 Kf8 49. Nf6 1-0

[Event "Teplice op 8th"]
[Site "Teplice"]
[Date "2013.06.21"]
[Round "7"]
[White "Simacek, Pavel"]
[Black "Berry, Stephen"]
[Result "1-0"]
[WhiteElo "2467"]
[BlackElo "2330"]
[PlyCount "65"]
[EventDate "2013.06.15"]
[EventType "swiss"]
[EventRounds "9"]
[EventCountry "CZE"]
[SourceTitle "CBM 155 Extra"]
[Source "ChessBase"]
[SourceDate "2013.08.26"]
[SourceVersion "1"]
[SourceVersionDate "2013.08.26"]
[SourceQuality "1"]

1. e4 e5 2. Nf3 Nc6 3. c3 Nf6 4. d4 d6 5. d5 Nb8 6. Bd3 g6 7. c4 Bg7 8. Nc3
Nbd7 9. Be3 O-O 10. O-O Ng4 11. Bg5 f6 12. Bh4 a5 13. Nd2 Nh6 14. a3 Nf7 15.
Bc2 Bh6 16. Qe2 Bg5 17. Bxg5 fxg5 18. b4 Nf6 19. c5 Nh5 20. Nc4 Nf4 21. Qe3
axb4 22. axb4 Rxa1 23. Rxa1 Qf6 24. Nb5 Nh6 25. Bd1 dxc5 26. bxc5 Ng4 27. Bxg4
Bxg4 28. Nxc7 Ne2+ 29. Kh1 Nd4 30. Ra2 Bd7 31. Qg3 Nb5 32. Nxe5 Be8 33. Ne6 1-0

[Event "Liptovsky Mikulas CupT U20"]
[Site "Liptovsky Mikulas"]
[Date "2013.06.21"]
[Round "2"]
[White "Drozniak, Stanislaw"]
[Black "Druzhkov, Nikita"]
[Result "1/2-1/2"]
[WhiteElo "1360"]
[BlackElo "1890"]
[PlyCount "57"]
[EventDate "2013.06.21"]
[EventType "team-tourn"]
[EventRounds "8"]
[EventCountry "SVK"]
[SourceTitle "EXT 2014"]
[Source "ChessBase"]
[SourceDate "2013.11.20"]
[SourceVersion "1"]
[SourceVersionDate "2013.11.20"]
[SourceQuality "1"]

1. e4 e5 2. Nf3 Nc6 3. c3 d6 4. d4 exd4 5. cxd4 Nf6 6. Nc3 Bg4 7. Be2 Be7 8.
O-O O-O 9. d5 Nb8 10. Nd4 Bxe2 11. Qxe2 Re8 12. Bg5 Nxd5 13. Nxd5 Bxg5 14. Qg4
c6 15. Ne3 Nd7 16. Ndf5 Ne5 17. Qg3 Bf6 18. Rad1 Re6 19. Nd4 Re7 20. Ndf5 Rd7
21. f4 Ng6 22. Qg4 Bxb2 23. Nc4 Bc3 24. Ncxd6 Qb6+ 25. Kh1 Rad8 26. e5 Qb4 27.
h4 Bxe5 28. Rb1 Qa4 29. Nxb7 1/2-1/2

[Event "Voronezh op-A 17th"]
[Site "Voronezh"]
[Date "2013.06.20"]
[Round "8"]
[White "Gasparian, Haik"]
[Black "Sokolovsky, Victor"]
[Result "1-0"]
[WhiteElo "2047"]
[BlackElo "2018"]
[PlyCount "95"]
[EventDate "2013.06.12"]
[EventType "swiss"]
[EventRounds "9"]
[EventCountry "RUS"]
[SourceTitle "EXT 2014"]
[Source "ChessBase"]
[SourceDate "2013.11.20"]
[SourceVersion "1"]
[SourceVersionDate "2013.11.20"]
[SourceQuality "1"]

1. e4 e5 2. Nf3 Nc6 3. c3 d5 4. Qa4 dxe4 5. Nxe5 Qd5 6. Nxc6 bxc6 7. Bc4 Qd7 8.
O-O Nf6 9. Re1 Be7 10. d4 O-O 11. Bg5 Rb8 12. b4 Qf5 13. Bxf6 Bxf6 14. Nd2 Re8
15. Bd3 Bh4 16. g3 Qg4 17. Bxe4 Bb7 18. Bxc6 Rf8 19. Bxb7 Rxb7 20. Re4 Qg5 21.
Qc2 Qg6 22. Nc4 Bf6 23. Qe2 Rbb8 24. Re1 h6 25. Qf3 Kh7 26. a4 Rbd8 27. a5 a6
28. Kg2 Rb8 29. Na3 Bg5 30. Nc4 Bf6 31. h4 h5 32. Ne3 Rb5 33. Nc4 Rbb8 34. R1e2
Rbd8 35. Ne3 Rfe8 36. Nd5 Rxe4 37. Nxf6+ gxf6 38. Qxe4 f5 39. Qf3 Rd6 40. Re5
Rf6 41. c4 Kg7 42. d5 c6 43. Qf4 cxd5 44. Rxd5 Rc6 45. b5 axb5 46. cxb5 Rf6 47.
b6 Qh7 48. b7 1-0